Normal view
MARC view
- Caucasus, Northern (Russia)
Entry Geographic Name
001 - CONTROL NUMBER
- control field: 27818
003 - CONTROL NUMBER IDENTIFIER
- control field: NUST
005 - DATE AND TIME OF LATEST TRANSACTION
- control field: 20200121153537.0
008 - FIXED-LENGTH DATA ELEMENTS
- fixed length control field: 200121|| aca||aabn | a|a d
040 ## - CATALOGING SOURCE
- Original cataloging agency: NUST
- Transcribing agency: NUST
151 ## - HEADING--GEOGRAPHIC NAME
- Geographic name: Caucasus, Northern (Russia)
670 ## - SOURCE DATA FOUND
- Source citation: Work cat.: (NUST)0: Zelkina, Anna. 27815, In quest for God and freedom :, c2000.
